00817nam a2200253Ia 4500003000400000005001700004006001800021007000300039008004100042024001000083037001100093040001800104041001300122100002700135110009400162245007300256260000900329650003400338700003300372700003300405700009400438942001200532999001900544OSt20220930084757.0a|||||r|||| 00| 0ta220926b |||||||| |||| 00| 0 eng d a86045 cTheses aCRLcCRLbeng 2engaeng aTellewar Sumit9538428 aUniversity of Delhi. Faculty of Medical Sciences. Department of Forensic Medicine9522462 0aStudy of hemorrhages of neck and tongue in fatal compression of neck c2006 aMEDICAL JURISPRUDENCE9522463 a Dr. A. K. Tyagi Gu.9537154 a Dr. S. K. Verma Gu.9538429 aUniversity of Delhi. Faculty of Medical Sciences. Department of Forensic Medicine9522465 cDIS2CC c877756d877756